000 00485nam a2200157Ia 4500
008 160316s1998 xxu||||| |||| 00| 0 eng d
082 _a344.046000
_bGUH
100 _aGuha Ramachandra
245 _aVarieties of environmentalism : Essays north and south
250 _a
260 _aDelhi
_bOxford University Press
_c1998
300 _a230p
_b
_c
365 _bRs.395/-
650 _a1.Environmental Protection - Essays 2.Ecological Protection - Essays
700 _aMartinez-Alier J
_a
999 _c12310
_d12310